[Event "43. Open Ciutat de Badalona 2017 - B"]
[Site "Badalona ESP"]
[Date "2017.08.02"]
[Round "1.1"]
[White "Jesus Hurtado, Ramon Jose"]
[Black "Petit Montes, Marc"]
[Result "0-1"]
[WhiteElo "1676"]
[BlackElo "1948"]
[PlyCount "113"]
[EventDate "2017.08.02"]
[EventType "swiss"]
[EventRounds "9"]
[EventCountry "ESP"]
[SourceTitle "Ajedrez en Madrid"]
[Source "lmi"]
[SourceDate "2017.08.02"]
[SourceVersion "1"]
[SourceVersionDate "2018.07.18"]
[SourceQuality "1"]

1. e4 c6 2. d4 d5 3. exd5 cxd5 4. Nf3 Nf6 5. Bd3 Bg4 6. c3 Nc6 7. Qb3 Qb6 8.
Qxb6 axb6 9. Nbd2 e6 10. h3 Bh5 11. O-O Bd6 12. Re1 Bg6 13. Bb5 h6 14. Ne5 Bxe5
15. dxe5 Nd7 16. b4 O-O 17. f4 Rfd8 18. Nb3 Na7 19. Nd4 Rac8 20. Bd2 Nb8 21.
Bf1 Nbc6 22. Be3 Nb8 23. Bd2 Nac6 24. Be3 Nd7 25. g4 Be4 26. Nb5 f6 27. Nd6 Rb8
28. Nxe4 dxe4 29. exf6 gxf6 30. Bc4 Kf7 31. Bf2 Ke7 32. Rxe4 Nf8 33. Bxb6 Rd2
34. Bc5+ Kd7 35. Bxf8 Rxf8 36. Bxe6+ Kc7 37. f5 Ne5 38. Kf1 Rfd8 39. Re2 R2d3
40. Rc1 Rxh3 41. Rce1 Nd3 42. Kg2 Nf4+ 43. Kf2 Nxe2 44. Rxe2 Rxc3 45. Re3 Rdd3
46. Re4 Rf3+ 47. Ke2 Rh3 48. Kd2 Rcg3 49. Rc4+ Kd6 50. Rd4+ Ke5 51. Rd5+ Kf4
52. Rd4+ Kg5 53. Bc4 Rh2+ 54. Be2 Ra3 55. Re4 Rxa2+ 56. Kd3 Rhxe2 57. Rd4 0-1

[Event "43. Open Ciutat de Badalona 2017 - B"]
[Site "Badalona ESP"]
[Date "2017.08.02"]
[Round "1.3"]
[White "Grasa Solanas, Oscar"]
[Black "Garcia Ruiz, Adrian"]
[Result "0-1"]
[WhiteElo "1661"]
[BlackElo "1940"]
[PlyCount "72"]
[EventDate "2017.08.02"]
[EventType "swiss"]
[EventRounds "9"]
[EventCountry "ESP"]
[SourceTitle "Ajedrez en Madrid"]
[Source "lmi"]
[SourceDate "2017.08.02"]
[SourceVersion "1"]
[SourceVersionDate "2018.07.18"]
[SourceQuality "1"]

1. c4 e5 2. Nc3 Nf6 3. g3 d5 4. cxd5 Nxd5 5. Bg2 Nb6 6. Nf3 Nc6 7. O-O Be7 8.
a3 O-O 9. b4 Be6 10. d3 a5 11. b5 Nd4 12. Bb2 Bb3 13. Qd2 Nc2 14. Rab1 f6 15.
Ne1 Nxe1 16. Rfxe1 Rb8 17. Rec1 a4 18. Ne4 Bd5 19. Qc3 c6 20. bxc6 bxc6 21. Bh3
Nc4 22. Nd2 Nxd2 23. Qxd2 Rb3 24. Rc3 Qb6 25. Rxb3 Qxb3 26. e4 Bf7 27. Rc1 Rb8
28. Ba1 Bxa3 29. Rd1 Bb4 30. Qe2 Bc3 31. Qf1 a3 32. d4 Bxa1 33. Rxa1 exd4 34.
e5 fxe5 35. Qe1 d3 36. Bf1 Bd5 0-1

[Event "43. Open Ciutat de Badalona 2017 - B"]
[Site "Badalona ESP"]
[Date "2017.08.02"]
[Round "1.4"]
[White "Morais Carreras, Javier"]
[Black "Romero Funieles, Rafael"]
[Result "1-0"]
[WhiteElo "1939"]
[BlackElo "1657"]
[PlyCount "83"]
[EventDate "2017.08.02"]
[EventType "swiss"]
[EventRounds "9"]
[EventCountry "ESP"]
[SourceTitle "Ajedrez en Madrid"]
[Source "lmi"]
[SourceDate "2017.08.02"]
[SourceVersion "1"]
[SourceVersionDate "2018.07.18"]
[SourceQuality "1"]

1. e4 e6 2. d3 Be7 3. Nf3 Nf6 4. g3 d6 5. Bg2 e5 6. O-O Nc6 7. Re1 h5 8. c3 Bg4
9. Qb3 Qc8 10. Nbd2 Nh7 11. d4 b6 12. Bf1 Na5 13. Qa4+ Bd7 14. Qc2 Bf6 15. dxe5
dxe5 16. b4 Nc6 17. b5 Ne7 18. Ba3 Ng6 19. Bc4 Be6 20. Bd5 Bxd5 21. exd5 Qd7
22. c4 h4 23. Qe4 hxg3 24. fxg3 Ng5 25. Nxg5 Bxg5 26. Nf3 Bf6 27. Rad1 a6 28.
d6 Ra7 29. dxc7 Qxc7 30. Bd6 Qc8 31. Rd5 axb5 32. Rxb5 Ne7 33. Rxb6 O-O 34. Rb8
Qa6 35. Rxf8+ Kxf8 36. Bxe5 Bxe5 37. Nxe5 Qb6+ 38. Kh1 f6 39. Ng6+ Kf7 40. Nxe7
Rxa2 41. Qd5+ Ke8 42. Nc8+ 1-0

[Event "43. Open Ciutat de Badalona 2017 - B"]
[Site "Badalona ESP"]
[Date "2017.08.02"]
[Round "1.5"]
[White "Sanchez Paz, Josep"]
[Black "Alonso Gomez, Raul"]
[Result "0-1"]
[WhiteElo "1656"]
[BlackElo "1938"]
[PlyCount "58"]
[EventDate "2017.08.02"]
[EventType "swiss"]
[EventRounds "9"]
[EventCountry "ESP"]
[SourceTitle "Ajedrez en Madrid"]
[Source "lmi"]
[SourceDate "2017.08.02"]
[SourceVersion "1"]
[SourceVersionDate "2018.07.18"]
[SourceQuality "1"]

1. d4 d5 2. c4 e6 3. e3 c5 4. Nf3 Nf6 5. Bd3 Nc6 6. Nc3 a6 7. O-O Be7 8. Re1
dxc4 9. Bxc4 b5 10. Ne5 Nxe5 11. dxe5 Nd7 12. Qf3 Rb8 13. Bb3 Nxe5 14. Qg3 Bf6
15. Ne4 Qe7 16. Nxf6+ Qxf6 17. e4 Nc6 18. Bg5 Qg6 19. Qd6 Qxg5 20. Qxc6+ Bd7
21. Qxa6 O-O 22. Rad1 Rfd8 23. a3 c4 24. Ba2 e5 25. Qa7 Bh3 26. g3 Qg4 27.
Rxd8+ Rxd8 28. Qe7 Qd1 29. Qb4 Qf3 0-1

[Event "43. Open Ciutat de Badalona 2017 - B"]
[Site "Badalona ESP"]
[Date "2017.08.02"]
[Round "1.6"]
[White "Mas Recorda, Pere"]
[Black "Valbuena Castro, Gregorio"]
[Result "1/2-1/2"]
[WhiteElo "1931"]
[BlackElo "1652"]
[PlyCount "113"]
[EventDate "2017.08.02"]
[EventType "swiss"]
[EventRounds "9"]
[EventCountry "ESP"]
[SourceTitle "Ajedrez en Madrid"]
[Source "lmi"]
[SourceDate "2017.08.02"]
[SourceVersion "1"]
[SourceVersionDate "2018.07.18"]
[SourceQuality "1"]

1. d4 Nf6 2. c4 g6 3. Nc3 d5 4. cxd5 Nxd5 5. e4 Nxc3 6. bxc3 c5 7. Bb5+ Nd7 8.
Ne2 Bg7 9. O-O cxd4 10. cxd4 O-O 11. Be3 Nf6 12. f3 Bd7 13. Rb1 Bxb5 14. Rxb5
b6 15. Qb3 e6 16. a4 Rc8 17. Bg5 Qd7 18. Rd1 h6 19. Bh4 g5 20. Bf2 Qc7 21. Rd2
Qc4 22. Qa3 Rfe8 23. Qa1 Nd7 24. Rb1 Nc5 25. Ra2 Nd3 26. Be3 Bf8 27. Rd1 Nb4
28. Rb2 Nc2 29. Rxc2 Qxc2 30. Rd2 Qb3 31. Bf2 Ba3 32. h4 Rc2 33. Rxc2 Qxc2 34.
Qxa3 Qxe2 35. hxg5 Qd1+ 36. Kh2 hxg5 37. Qe3 f6 38. e5 Kf7 39. Be1 Rh8+ 40. Kg3
Rh4 41. exf6 Rxd4 42. Bc3 Rd5 43. Be5 Qd2 44. Qe4 Qd3 45. Qb4 Rd7 46. Qg4 Qg6
47. Qc4 Qh6 48. f4 Qh4+ 49. Kf3 gxf4 50. Bxf4 Qxf6 51. Qb5 Qc3+ 52. Kg4 Rd5 53.
Qa6 Rd7 54. Qb5 Qg7+ 55. Kf3 Kg8 56. Qc4 Qf6 57. Ke3 1/2-1/2

[Event "43. Open Ciutat de Badalona 2017 - B"]
[Site "Badalona ESP"]
[Date "2017.08.02"]
[Round "1.8"]
[White "Prats Cabaces, Lluis"]
[Black "Bermudez Caamano, Ruben Santiago"]
[Result "1/2-1/2"]
[WhiteElo "1914"]
[BlackElo "1626"]
[PlyCount "70"]
[EventDate "2017.08.02"]
[EventType "swiss"]
[EventRounds "9"]
[EventCountry "ESP"]
[SourceTitle "Ajedrez en Madrid"]
[Source "lmi"]
[SourceDate "2017.08.02"]
[SourceVersion "1"]
[SourceVersionDate "2018.07.18"]
[SourceQuality "1"]

1. e4 c5 2. c3 Nf6 3. e5 Nd5 4. d4 e6 5. Nf3 Nc6 6. Bd3 cxd4 7. cxd4 Bb4+ 8.
Bd2 b6 9. O-O Bb7 10. Be4 Bxd2 11. Nbxd2 f5 12. Nc4 O-O 13. Bxd5 exd5 14. Nd6
Ba6 15. Re1 h6 16. Qa4 Bd3 17. Qb3 Bc4 18. Nxc4 dxc4 19. Qxc4+ Kh7 20. a3 Rc8
21. Qd3 Ne7 22. Rac1 Nd5 23. g3 g6 24. Qb3 Rxc1 25. Rxc1 Qa8 26. Re1 f4 27. g4
Ne3 28. fxe3 Qxf3 29. Qd1 Qxd1 30. Rxd1 fxe3 31. h3 Rf4 32. Kg2 Kg7 33. Re1
Rxd4 34. Rxe3 Rd2+ 35. Kf3 Kf7 1/2-1/2

[Event "43. Open Ciutat de Badalona 2017 - B"]
[Site "Badalona ESP"]
[Date "2017.08.02"]
[Round "1.9"]
[White "Serentill Tost, Eduard"]
[Black "Daimiel Bescos, Eleuterio"]
[Result "1/2-1/2"]
[WhiteElo "1619"]
[BlackElo "1910"]
[PlyCount "55"]
[EventDate "2017.08.02"]
[EventType "swiss"]
[EventRounds "9"]
[EventCountry "ESP"]
[SourceTitle "Ajedrez en Madrid"]
[Source "lmi"]
[SourceDate "2017.08.02"]
[SourceVersion "1"]
[SourceVersionDate "2018.07.18"]
[SourceQuality "1"]

1. e4 e5 2. Nf3 Nc6 3. Bb5 a6 4. Ba4 Nf6 5. O-O Be7 6. Re1 b5 7. Bb3 O-O 8. d4
d6 9. c3 Bg4 10. d5 Na5 11. Bc2 h6 12. Nbd2 Nh7 13. h3 Bh5 14. Nf1 Ng5 15. N1h2
Qd7 16. Qd3 Bg6 17. Nxg5 Bxg5 18. Bxg5 hxg5 19. Qg3 c6 20. Qxg5 cxd5 21. Re2
dxe4 22. Bxe4 Bxe4 23. Rxe4 f6 24. Qg6 Qf7 25. Qg3 f5 26. Re2 Qh5 27. Qf3 Qxf3
28. Nxf3 1/2-1/2

[Event "43. Open Ciutat de Badalona 2017 - B"]
[Site "Badalona ESP"]
[Date "2017.08.02"]
[Round "1.10"]
[White "Vandenbroucke, Tim"]
[Black "Ridao Gimeno, Oscar"]
[Result "1-0"]
[WhiteElo "1908"]
[BlackElo "1617"]
[PlyCount "93"]
[EventDate "2017.08.02"]
[EventType "swiss"]
[EventRounds "9"]
[EventCountry "ESP"]
[SourceTitle "Ajedrez en Madrid"]
[Source "lmi"]
[SourceDate "2017.08.02"]
[SourceVersion "1"]
[SourceVersionDate "2018.07.18"]
[SourceQuality "1"]

1. e4 c5 2. Nc3 Nc6 3. g3 d6 4. Bg2 g6 5. d3 Bg7 6. Be3 Nf6 7. h3 Qb6 8. Nge2
e6 9. O-O Nd7 10. Qd2 h5 11. f4 Nd4 12. Nd1 Qa6 13. c3 Nb3 14. axb3 Qxa1 15. f5
e5 16. g4 hxg4 17. hxg4 g5 18. Bxg5 f6 19. Be3 Qa5 20. Ng3 Qd8 21. Bf3 Qe7 22.
c4 Qf8 23. Nc3 Nb6 24. g5 fxg5 25. Bh5+ Kd8 26. f6 Bxf6 27. Rxf6 Qg8 28. Bxg5
Kc7 29. Nb5+ Kb8 30. Nxd6 a6 31. Nf7 Rh7 32. Rxb6 Rxh5 33. Nxh5 Qxf7 34. Qe2
Be6 35. b4 cxb4 36. Ng3 Kc7 37. Qe3 Rg8 38. Qc5+ Kb8 39. Qxe5+ Ka8 40. Rxe6 Rf8
41. Rf6 Qg8 42. Rxf8+ Qxf8 43. Qf6 Qc5+ 44. Kg2 a5 45. Nf5 a4 46. Be3 Qa5 47.
Qf8+ 1-0

[Event "43. Open Ciutat de Badalona 2017 - B"]
[Site "Badalona ESP"]
[Date "2017.08.03"]
[Round "2.1"]
[White "Petit Montes, Marc"]
[Black "Valarezzo Ricard, Pedro"]
[Result "1/2-1/2"]
[WhiteElo "1948"]
[BlackElo "1788"]
[PlyCount "50"]
[EventDate "2017.08.02"]
[EventType "swiss"]
[EventRounds "9"]
[EventCountry "ESP"]
[SourceTitle "Ajedrez en Madrid"]
[Source "lmi"]
[SourceDate "2017.08.02"]
[SourceVersion "1"]
[SourceVersionDate "2018.07.18"]
[SourceQuality "1"]

1. b3 d5 2. Bb2 Bf5 3. e3 Nd7 4. Nf3 e6 5. c4 Ngf6 6. Nc3 c6 7. Rc1 Be7 8. d4
Ne4 9. Bd3 Nxc3 10. Bxc3 Bxd3 11. Qxd3 O-O 12. O-O Nf6 13. Nd2 Rc8 14. Rfd1 Bd6
15. e4 Bf4 16. f3 h5 17. g3 Bh6 18. Rc2 h4 19. Kg2 Nh5 20. Nf1 f5 21. Bd2 fxe4
22. fxe4 Qf6 23. Bxh6 Qxh6 24. Qe3 Qg6 25. Rdd2 Qh6 1/2-1/2

[Event "43. Open Ciutat de Badalona 2017 - B"]
[Site "Badalona ESP"]
[Date "2017.08.03"]
[Round "2.2"]
[White "Varela Cuadrado, Cesar"]
[Black "Nadal Fajardo, Ricard"]
[Result "1-0"]
[WhiteElo "1783"]
[BlackElo "1946"]
[PlyCount "69"]
[EventDate "2017.08.02"]
[EventType "swiss"]
[EventRounds "9"]
[EventCountry "ESP"]
[SourceTitle "Ajedrez en Madrid"]
[Source "lmi"]
[SourceDate "2017.08.02"]
[SourceVersion "1"]
[SourceVersionDate "2018.07.18"]
[SourceQuality "1"]

1. e4 c6 2. Nc3 d5 3. f4 e6 4. Nf3 dxe4 5. Nxe4 Nf6 6. Nf2 c5 7. b3 Be7 8. Bb2
O-O 9. g3 b6 10. Bg2 Bb7 11. O-O Nc6 12. Nd3 Nd5 13. Nde5 Qc7 14. Qe2 Rad8 15.
Rae1 Ndb4 16. d3 Nd4 17. Nxd4 Bxg2 18. Nxe6 fxe6 19. Kxg2 Bf6 20. a3 Nc6 21.
Qg4 Rfe8 22. Qf3 Nd4 23. Bxd4 cxd4 24. Rf2 Bxe5 25. Rxe5 Rd6 26. f5 Rf8 27. Qe4
exf5 28. Rexf5 Rfd8 29. Re5 h6 30. Re7 R6d7 31. Qe6+ Kh7 32. Qe4+ Kg8 33. Re8+
Rxe8 34. Qxe8+ Kh7 35. Rf8 1-0

[Event "43. Open Ciutat de Badalona 2017 - B"]
[Site "Badalona ESP"]
[Date "2017.08.03"]
[Round "2.3"]
[White "Garcia Ruiz, Adrian"]
[Black "Ferres Saez, Joan"]
[Result "1-0"]
[WhiteElo "1940"]
[BlackElo "1773"]
[PlyCount "61"]
[EventDate "2017.08.02"]
[EventType "swiss"]
[EventRounds "9"]
[EventCountry "ESP"]
[SourceTitle "Ajedrez en Madrid"]
[Source "lmi"]
[SourceDate "2017.08.02"]
[SourceVersion "1"]
[SourceVersionDate "2018.07.18"]
[SourceQuality "1"]

1. e4 c5 2. Nf3 g6 3. d4 cxd4 4. Qxd4 Nf6 5. e5 Nc6 6. Qa4 Nd5 7. Qe4 Nc7 8.
Nc3 Bg7 9. Bf4 O-O 10. O-O-O Ne6 11. Bg3 Qa5 12. h4 h5 13. Bc4 b5 14. Bxe6 dxe6
15. Qxc6 Ba6 16. Nd4 Rac8 17. Nb3 Qb4 18. Qxa6 Rxc3 19. bxc3 Qxc3 20. Qa5 b4
21. Rd8 Rxd8 22. Qxd8+ Kh7 23. Qd4 Qc6 24. f3 Qa6 25. Kb1 Qe2 26. Rg1 f6 27.
Qxa7 Bh6 28. Qxe7+ Kg8 29. Qxe6+ Kh7 30. Re1 Qxg2 31. Qf7+ 1-0

[Event "43. Open Ciutat de Badalona 2017 - B"]
[Site "Badalona ESP"]
[Date "2017.08.03"]
[Round "2.4"]
[White "Grao Amaya, Rafael"]
[Black "Morais Carreras, Javier"]
[Result "1-0"]
[WhiteElo "1780"]
[BlackElo "1939"]
[PlyCount "59"]
[EventDate "2017.08.02"]
[EventType "swiss"]
[EventRounds "9"]
[EventCountry "ESP"]
[SourceTitle "Ajedrez en Madrid"]
[Source "lmi"]
[SourceDate "2017.08.02"]
[SourceVersion "1"]
[SourceVersionDate "2018.07.18"]
[SourceQuality "1"]

1. d4 d5 2. Bf4 Nf6 3. e3 e6 4. Bd3 c5 5. c3 Nc6 6. Nd2 Bd6 7. Bg3 O-O 8. Ngf3
Re8 9. Ne5 Bxe5 10. dxe5 Nd7 11. Nf3 Qe7 12. Bb5 a6 13. Bxc6 bxc6 14. b3 a5 15.
Qc2 Ba6 16. c4 Nb6 17. Nd2 g6 18. O-O Red8 19. Rfd1 d4 20. Ne4 dxe3 21. Rxd8+
Rxd8 22. fxe3 Kg7 23. Rf1 Bc8 24. Qf2 h6 25. Qf6+ Qxf6 26. exf6+ Kg8 27. Bc7
Rd3 28. Bxb6 Rxe3 29. Nd6 Bd7 30. Bxc5 1-0

[Event "43. Open Ciutat de Badalona 2017 - B"]
[Site "Badalona ESP"]
[Date "2017.08.03"]
[Round "2.5"]
[White "Alonso Gomez, Raul"]
[Black "Molinas Garcia, Francisco"]
[Result "1-0"]
[WhiteElo "1938"]
[BlackElo "1769"]
[PlyCount "59"]
[EventDate "2017.08.02"]
[EventType "swiss"]
[EventRounds "9"]
[EventCountry "ESP"]
[SourceTitle "Ajedrez en Madrid"]
[Source "lmi"]
[SourceDate "2017.08.02"]
[SourceVersion "1"]
[SourceVersionDate "2018.07.18"]
[SourceQuality "1"]

1. b3 d5 2. Nf3 Bg4 3. e3 e5 4. Be2 Nc6 5. Bb2 Bd6 6. c4 Bxf3 7. Bxf3 Nb4 8. d3
dxc4 9. bxc4 c6 10. a3 Nxd3+ 11. Qxd3 Bb4+ 12. Ke2 Qxd3+ 13. Kxd3 O-O-O+ 14.
Ke2 Bd6 15. Nc3 f5 16. e4 g6 17. Rhd1 Nf6 18. g3 Bc7 19. Bg2 Nd7 20. Na4 Rhe8
21. Bc1 f4 22. Bh3 b6 23. Ra2 g5 24. Rad2 Re7 25. gxf4 exf4 26. f3 Be5 27. Bb2
Bxb2 28. Nxb2 Kc7 29. Bf5 h6 30. Rd6 1-0

[Event "43. Open Ciutat de Badalona 2017 - B"]
[Site "Badalona ESP"]
[Date "2017.08.03"]
[Round "2.6"]
[White "Ospina Ocampo, Camilo"]
[Black "Caparros Fernandez, Xavier"]
[Result "1-0"]
[WhiteElo "1918"]
[BlackElo "1765"]
[PlyCount "62"]
[EventDate "2017.08.02"]
[EventType "swiss"]
[EventRounds "9"]
[EventCountry "ESP"]
[SourceTitle "Ajedrez en Madrid"]
[Source "lmi"]
[SourceDate "2017.08.02"]
[SourceVersion "1"]
[SourceVersionDate "2018.07.18"]
[SourceQuality "1"]

1. e4 e5 2. Nf3 Nc6 3. Bb5 Nd4 4. Nxd4 exd4 5. Bc4 Nf6 6. Qe2 d6 7. c3 c5 8.
O-O Be6 9. cxd4 cxd4 10. b3 Rc8 11. Bb5+ Bd7 12. Bb2 Qb6 13. Bxd7+ Nxd7 14. Na3
Ne5 15. Rac1 Rxc1 16. Rxc1 Be7 17. Qb5+ Qxb5 18. Nxb5 Nd3 19. Rc8+ Bd8 20. Bxd4
Kd7 21. Rb8 h5 22. Nxa7 Re8 23. Rxb7+ Ke6 24. Nc6 d5 25. Rb8 Kd7 26. Rxd8+ Rxd8
27. Nxd8 Kxd8 28. Bb6+ Kd7 29. exd5 Nc1 30. Bc5 Nxa2 31. Ba3 g6 1-0

[Event "43. Open Ciutat de Badalona 2017 - B"]
[Site "Badalona ESP"]
[Date "2017.08.03"]
[Round "2.7"]
[White "Franzoni Ladron De Guevara, Enri"]
[Black "Vandenbroucke, Tim"]
[Result "1-0"]
[WhiteElo "1771"]
[BlackElo "1908"]
[PlyCount "57"]
[EventDate "2017.08.02"]
[EventType "swiss"]
[EventRounds "9"]
[EventCountry "ESP"]
[SourceTitle "Ajedrez en Madrid"]
[Source "lmi"]
[SourceDate "2017.08.02"]
[SourceVersion "1"]
[SourceVersionDate "2018.07.18"]
[SourceQuality "1"]

1. e4 c5 2. Nf3 g6 3. d4 cxd4 4. Nxd4 Nc6 5. Be3 Bg7 6. Be2 Nf6 7. Nc3 O-O 8.
O-O d5 9. exd5 Nxd5 10. Nxd5 Qxd5 11. Bf3 Qd7 12. Nxc6 bxc6 13. Qxd7 Bxd7 14.
Rad1 Be6 15. b3 Rac8 16. Bc5 Rfe8 17. Bxa7 Bd5 18. Bd4 Bxf3 19. gxf3 e5 20. Bc5
Red8 21. Bb6 Rd5 22. c4 Rxd1 23. Rxd1 Bf6 24. a4 c5 25. Rd5 Rb8 26. a5 Be7 27.
Rxe5 Kf8 28. Rd5 Ke8 29. Kf1 1-0

[Event "43. Open Ciutat de Badalona 2017 - B"]
[Site "Badalona ESP"]
[Date "2017.08.03"]
[Round "2.8"]
[White "Martin Villanova, Jordi"]
[Black "Alcala Gonzalez, Cesar"]
[Result "0-1"]
[WhiteElo "1901"]
[BlackElo "1760"]
[PlyCount "110"]
[EventDate "2017.08.02"]
[EventType "swiss"]
[EventRounds "9"]
[EventCountry "ESP"]
[SourceTitle "Ajedrez en Madrid"]
[Source "lmi"]
[SourceDate "2017.08.02"]
[SourceVersion "1"]
[SourceVersionDate "2018.07.18"]
[SourceQuality "1"]

1. Nf3 d6 2. d4 f5 3. c4 Nf6 4. Nc3 g6 5. g3 Bg7 6. Bg2 O-O 7. O-O c6 8. Re1
Qe8 9. e4 fxe4 10. Nxe4 Nxe4 11. Rxe4 Bf5 12. Re1 Qf7 13. Ng5 Qxc4 14. Rxe7 Bc2
15. Qe2 Qxe2 16. Rxe2 Bd3 17. Rd2 Bf5 18. d5 c5 19. Ne6 Rf7 20. Nxg7 Rxg7 21.
b3 Re7 22. Bb2 Nd7 23. h3 g5 24. Kh2 Ne5 25. Rg1 Kf7 26. Rf1 Nd3 27. Bc3 b5 28.
a3 a5 29. Bf3 Bg6 30. Bg4 b4 31. axb4 axb4 32. Be6+ Ke8 33. Bf6 Rea7 34. Bxg5
Ra2 35. Rxa2 Rxa2 36. Kg1 c4 37. bxc4 b3 38. Bf6 Ne5 39. f4 b2 40. fxe5 Ra1 41.
exd6 Rxf1+ 42. Kxf1 b1=Q+ 43. Kf2 Qb6+ 44. Kf3 Qxd6 45. g4 Qc5 46. h4 Qxc4 47.
h5 Be4+ 48. Kg3 Bxd5 49. Bxd5 Qxd5 50. g5 h6 51. Kf4 Kf7 52. Kg4 Qe4+ 53. Kg3
Qf5 54. Kh4 Qf4+ 55. Kh3 hxg5 0-1

[Event "43. Open Ciutat de Badalona 2017 - B"]
[Site "Badalona ESP"]
[Date "2017.08.03"]
[Round "2.9"]
[White "Martinez Hernandez, Emili"]
[Black "Walter Travella, German"]
[Result "0-1"]
[WhiteElo "1768"]
[BlackElo "1888"]
[PlyCount "118"]
[EventDate "2017.08.02"]
[EventType "swiss"]
[EventRounds "9"]
[EventCountry "ESP"]
[SourceTitle "Ajedrez en Madrid"]
[Source "lmi"]
[SourceDate "2017.08.02"]
[SourceVersion "1"]
[SourceVersionDate "2018.07.18"]
[SourceQuality "1"]

1. d4 Nf6 2. Nf3 g6 3. g3 Bg7 4. Bg2 O-O 5. O-O d6 6. Nc3 Nc6 7. e4 e5 8. dxe5
Nxe5 9. Nxe5 dxe5 10. Qxd8 Rxd8 11. Bg5 c6 12. f4 h6 13. fxe5 hxg5 14. exf6 Bf8
15. Rad1 Bg4 16. Rd3 Rxd3 17. cxd3 Rd8 18. h3 Bc8 19. Rf3 Bc5+ 20. Kh2 Bd4 21.
Bf1 Rd6 22. e5 Re6 23. Ne4 Bxe5 24. Nxg5 Rxf6 25. Rxf6 Bxf6 26. Ne4 Bxb2 27.
Nd6 Be6 28. a4 b6 29. Bg2 Bd7 30. Nc4 Bd4 31. a5 b5 32. Nd2 Kf8 33. Nb3 Bc3 34.
a6 Ke7 35. d4 Kd6 36. Be4 Be6 37. Nc5 Bxd4 38. Nb7+ Kc7 39. Na5 Bd7 40. Nb3 Be3
41. Kg2 f5 42. Bd3 Be6 43. Na1 Bd5+ 44. Kf1 Kb6 45. Ke2 Bc5 46. Nc2 Kxa6 47.
Ne1 Bd6 48. g4 fxg4 49. hxg4 g5 50. Ke3 c5 51. Nc2 c4 52. Bf5 Bc5+ 53. Kd2 b4
54. Ne3 c3+ 55. Kd3 Bxe3 56. Kxe3 b3 57. Kd3 c2 58. Kd2 Kb5 59. Kc1 a5 0-1

[Event "43. Open Ciutat de Badalona 2017 - B"]
[Site "Badalona ESP"]
[Date "2017.08.03"]
[Round "2.10"]
[White "Gallego Montes, Antoni"]
[Black "Minos Constante, Pablo"]
[Result "1-0"]
[WhiteElo "1874"]
[BlackElo "1755"]
[PlyCount "45"]
[EventDate "2017.08.02"]
[EventType "swiss"]
[EventRounds "9"]
[EventCountry "ESP"]
[SourceTitle "Ajedrez en Madrid"]
[Source "lmi"]
[SourceDate "2017.08.02"]
[SourceVersion "1"]
[SourceVersionDate "2018.07.18"]
[SourceQuality "1"]

1. e4 c5 2. Nf3 Nc6 3. c3 Nf6 4. e5 Nd5 5. Bc4 Nb6 6. Bb3 d5 7. d4 cxd4 8. cxd4
Bg4 9. Be3 e6 10. O-O Be7 11. Nc3 O-O 12. Rc1 Rc8 13. Ne2 f6 14. exf6 Bxf6 15.
Nf4 Bxf3 16. gxf3 Qe8 17. Kh1 Bxd4 18. Rg1 Bxb2 19. Qd3 Be5 20. Bc2 Rf5 21.
Nxe6 Qh5 22. Rg2 Rf6 23. Rxg7+ 1-0

[Event "43. Open Ciutat de Badalona 2017 - B"]
[Site "Badalona ESP"]
[Date "2017.08.04"]
[Round "3.1"]
[White "Arroyo Mateo, Jose Miguel"]
[Black "Garcia Ruiz, Adrian"]
[Result "1/2-1/2"]
[WhiteElo "1802"]
[BlackElo "1940"]
[PlyCount "75"]
[EventDate "2017.08.02"]
[EventType "swiss"]
[EventRounds "9"]
[EventCountry "ESP"]
[SourceTitle "Ajedrez en Madrid"]
[Source "lmi"]
[SourceDate "2017.08.02"]
[SourceVersion "1"]
[SourceVersionDate "2018.07.18"]
[SourceQuality "1"]

1. e4 e6 2. d3 d5 3. Nd2 Nc6 4. Ngf3 Nf6 5. g3 e5 6. Bg2 dxe4 7. dxe4 Bc5 8.
O-O O-O 9. c3 a5 10. Qe2 Qe7 11. Nb3 Bb6 12. Be3 Bxe3 13. Qxe3 Rd8 14. h3 h6
15. Rfd1 Be6 16. Nfd2 b6 17. f4 a4 18. fxe5 Ng4 19. hxg4 axb3 20. Nxb3 Nxe5 21.
Rxd8+ Qxd8 22. Nd4 Rxa2 23. Rxa2 Bxa2 24. Qf4 f6 25. Bf1 c5 26. Nf3 Nxf3+ 27.
Qxf3 Qd2 28. Qe2 Qxe2 29. Bxe2 Kf7 30. Kf2 Kg6 31. Bd3 Kg5 32. c4 Kxg4 33. Be2+
Kg5 34. Ke3 h5 35. Kf3 Bb3 36. Ke3 Ba4 37. e5 fxe5 38. Ke4 1/2-1/2

[Event "43. Open Ciutat de Badalona 2017 - B"]
[Site "Badalona ESP"]
[Date "2017.08.04"]
[Round "3.2"]
[White "Van Puyvelde, Stijn"]
[Black "Alonso Gomez, Raul"]
[Result "1/2-1/2"]
[WhiteElo "1791"]
[BlackElo "1938"]
[PlyCount "51"]
[EventDate "2017.08.02"]
[EventType "swiss"]
[EventRounds "9"]
[EventCountry "ESP"]
[SourceTitle "Ajedrez en Madrid"]
[Source "lmi"]
[SourceDate "2017.08.02"]
[SourceVersion "1"]
[SourceVersionDate "2018.07.18"]
[SourceQuality "1"]

1. d4 d5 2. Nf3 e6 3. e3 Bd6 4. Bd3 f5 5. O-O Nf6 6. Ne5 Nbd7 7. f4 O-O 8. Nd2
Ne4 9. Ndf3 Nxe5 10. Nxe5 Bxe5 11. fxe5 Ng5 12. Bd2 Bd7 13. Be1 Qe8 14. Qe2 a6
15. h4 Nf7 16. Bb4 Nh6 17. Bxf8 Qxf8 18. c3 Qe7 19. Qf2 Ng4 20. Qg3 Bb5 21.
Rad1 Kh8 22. Rf4 h5 23. Rd2 Rg8 24. Be2 Bxe2 25. Rxe2 b5 26. a3 1/2-1/2

[Event "43. Open Ciutat de Badalona 2017 - B"]
[Site "Badalona ESP"]
[Date "2017.08.04"]
[Round "3.3"]
[White "Ospina Ocampo, Jose Joaquin"]
[Black "Ospina Ocampo, Camilo"]
[Result "0-1"]
[WhiteElo "1790"]
[BlackElo "1918"]
[PlyCount "90"]
[EventDate "2017.08.02"]
[EventType "swiss"]
[EventRounds "9"]
[EventCountry "ESP"]
[SourceTitle "Ajedrez en Madrid"]
[Source "lmi"]
[SourceDate "2017.08.02"]
[SourceVersion "1"]
[SourceVersionDate "2018.07.18"]
[SourceQuality "1"]

1. e4 e5 2. Nf3 Nc6 3. d4 exd4 4. Bc4 Nf6 5. O-O Nxe4 6. Re1 d5 7. Bxd5 Qxd5 8.
Nc3 Qh5 9. Nxe4 Be6 10. Bg5 h6 11. Bf6 Qg6 12. Bxd4 O-O-O 13. c3 Bg4 14. Qd3
Bd6 15. h3 Bxf3 16. Qxf3 Nxd4 17. cxd4 Bb4 18. Nc5 Bxc5 19. dxc5 Rd3 20. Qe4
Qxe4 21. Rxe4 Rhd8 22. Re7 Rd1+ 23. Rxd1 Rxd1+ 24. Kh2 Rd2 25. Rxf7 Rxb2 26. f4
Rxa2 27. Rxg7 Rc2 28. f5 Rxc5 29. f6 Rf5 30. f7 Kd8 31. g4 Rf6 32. h4 Ke7 33.
f8=Q+ Kxf8 34. Rxc7 Rb6 35. g5 hxg5 36. hxg5 a5 37. Kh3 Rb4 38. g6 a4 39. Kg3
b5 40. Kf3 a3 41. Ke3 a2 42. Rc8+ Kg7 43. Ra8 Rb2 44. Ra7+ Kxg6 45. Ra6+ Kf5
0-1